• 首页
  • 本馆介绍
  • 公告通知
  • 最新文献
  • 馆藏检索
  • 电子资源
  • 读者导购
  • 参考咨询
  • 我的图书馆
  • 登录
  • 详细信息显示
  • 放入我的书架
  • 预约/预借图书
  • 作者相关作品
  • 分类相关作品
  • 丛书相关作品
  • 出版社相关作品

书目信息

  • 表格格式
  • 工作单格式
  • 卡片格式
题名:
蛋制品加工技术
    
 
作者: 司俊玲 主编
分册:  
出版信息: 北京   化学工业出版社  2008
页数: 198页
开本: 24cm
丛书名:
单 册:
中图分类: TS253.4
科图分类:
主题词: 蛋制品--食品加工--职业高中--教材 , 蛋制品 , 食品加工
电子资源:
ISBN: 978-7-122-01222-7
000 00930nam0 2200277 45
001 1354532155
005 20130510084919.00
010    @a978-7-122-01222-7@dCNY20.00
100    @a20130108d2008 em y0chiy0110 ea
101 0  @achi
102    @aCN@b110000
105    @ay z 000yy
106    @ar
200 1  @a蛋制品加工技术@ADan Zhi Pin Jia Gong Ji Shu@f司俊玲主编@FSi Jun Ling Zhu Bian
210    @a北京@c化学工业出版社@d2008
215    @a198页@d24cm
300    @a中等职业学校食品类专业“十一五”规划教材
304    @a河南省漯河市食品工业学校组织编写
330    @a本书内容包括:蛋的基础知识、蛋的储藏保鲜技术以及松花蛋、咸蛋、湿蛋、干燥蛋和新型蛋制品的加工技术及蛋的相关检验方法。
606 0  @a蛋制品@x食品加工@x职业高中@j教材
606 0  @a蛋制品
606 0  @a食品加工
690    @aTS253.4@v5
701  0 @a司俊玲@ASi Jun Ling@g(女,@4主编
801    @aCN@bTANGWEI@c20130109
905    @b0830657-61@dTS253.4@e144@f5
    
    蛋制品加工技术/司俊玲主编.-北京:化学工业出版社,2008
    198页;24cm
    中等职业学校食品类专业“十一五”规划教材
    
    ISBN 978-7-122-01222-7:CNY20.00
    本书内容包括:蛋的基础知识、蛋的储藏保鲜技术以及松花蛋、咸蛋、湿蛋、干燥蛋和新型蛋制品的加工技术及蛋的相关检验方法。
●
相关链接 在E读中查询图书 在五车中查询图书 在当当中查询图书 在豆瓣中查询图书


正题名:蛋制品加工技术     索取号:TS253.4/144         预约/预借

序号 登录号 条形码 馆藏地/架位号 状态 备注
1 0830657   208306572   第二样本阅览室/ [索取号:TS253.4/144] 在馆    
2 0830658   208306581   第三借阅区/ [索取号:TS253.4/144] 在馆    
3 0830659   208306590   第三借阅区/ [索取号:TS253.4/144] 在馆    
4 0830660   208306607   第三借阅区/ [索取号:TS253.4/144] 在馆    
5 0830661   208306616   第三借阅区/ [索取号:TS253.4/144] 在馆    
唐山师范学院图书馆 欢迎您!
大连网信软件有限公司© 版权所有